Statystyki dla 10 Najdroższych Bramkarzy Na Świecie

Kliknij tutaj aby rozwiązać quiz!

Ogólne statystyki

  • Ten quiz został rozwiązany 542 razy
    (22 od ostatniego zresetowania)
  • Średni wynik to 3 z 10

Statystyki odpowiedzi

WartośćPiłkarz% Poprawnych
32 mlnAlisson
94%
40 mlnEderson
89%
40 mlnGianluigi Donnarumma
44%
40 mlnAndre Onana
39%
35 mlnDavid Raya
22%
40 mlnGregor Kobel
22%
35 mlnGuglielmo Vicario
11%
40 mlnMike Maignan
11%
45 mlnDiogo Costa
6%
35 mlnGiorgi Mamardashvili
0%

Rozkład punktacji

Percentyl według liczby udzielonych odpowiedzi

Procent ludzi z każdym wynikiem

Twoja historia wyników

Nie rozwiązałeś tego quizu od ostatniego zresetowania